|
|
|
|
| LEADER |
02659nam a2200529 4500 |
| 001 |
978-3-319-59599-3 |
| 003 |
DE-He213 |
| 005 |
20191023162542.0 |
| 007 |
cr nn 008mamaa |
| 008 |
170905s2018 gw | s |||| 0|eng d |
| 020 |
|
|
|a 9783319595993
|9 978-3-319-59599-3
|
| 024 |
7 |
|
|a 10.1007/978-3-319-59599-3
|2 doi
|
| 040 |
|
|
|d GrThAP
|
| 050 |
|
4 |
|a NX280-410
|
| 072 |
|
7 |
|a JNU
|2 bicssc
|
| 072 |
|
7 |
|a EDU029050
|2 bisacsh
|
| 072 |
|
7 |
|a JNU
|2 thema
|
| 072 |
|
7 |
|a A
|2 thema
|
| 082 |
0 |
4 |
|a 700.71
|2 23
|
| 245 |
1 |
0 |
|a Pedagogies in the Flesh
|h [electronic resource] :
|b Case Studies on the Embodiment of Sociocultural Differences in Education /
|c edited by Sarah Travis, Amelia M. Kraehe, Emily J. Hood, Tyson E. Lewis.
|
| 250 |
|
|
|a 1st ed. 2018.
|
| 264 |
|
1 |
|a Cham :
|b Springer International Publishing :
|b Imprint: Palgrave Macmillan,
|c 2018.
|
| 300 |
|
|
|a XXV, 220 p. 2 illus. in color.
|b online resource.
|
| 336 |
|
|
|a text
|b txt
|2 rdacontent
|
| 337 |
|
|
|a computer
|b c
|2 rdamedia
|
| 338 |
|
|
|a online resource
|b cr
|2 rdacarrier
|
| 347 |
|
|
|a text file
|b PDF
|2 rda
|
| 520 |
|
|
|a This book presents a collection of vivid, theoretically informed descriptions of flashpoints--educational moments when the implicit sociocultural knowledge carried in the body becomes a salient feature of experience. The flashpoints will ignite critical reflection and dialogue about the formation of the self, identity, and social inequality on the level of the preconscious body. .
|
| 650 |
|
0 |
|a Art education.
|
| 650 |
|
0 |
|a Educational sociology.
|
| 650 |
|
0 |
|a Educational psychology.
|
| 650 |
|
0 |
|a Education-Psychology.
|
| 650 |
1 |
4 |
|a Creativity and Arts Education.
|0 http://scigraph.springernature.com/things/product-market-codes/O11000
|
| 650 |
2 |
4 |
|a Sociology of Education.
|0 http://scigraph.springernature.com/things/product-market-codes/O29000
|
| 650 |
2 |
4 |
|a Educational Psychology.
|0 http://scigraph.springernature.com/things/product-market-codes/O39000
|
| 700 |
1 |
|
|a Travis, Sarah.
|e editor.
|4 edt
|4 http://id.loc.gov/vocabulary/relators/edt
|
| 700 |
1 |
|
|a Kraehe, Amelia M.
|e editor.
|4 edt
|4 http://id.loc.gov/vocabulary/relators/edt
|
| 700 |
1 |
|
|a Hood, Emily J.
|e editor.
|4 edt
|4 http://id.loc.gov/vocabulary/relators/edt
|
| 700 |
1 |
|
|a Lewis, Tyson E.
|e editor.
|4 edt
|4 http://id.loc.gov/vocabulary/relators/edt
|
| 710 |
2 |
|
|a SpringerLink (Online service)
|
| 773 |
0 |
|
|t Springer eBooks
|
| 776 |
0 |
8 |
|i Printed edition:
|z 9783319595986
|
| 776 |
0 |
8 |
|i Printed edition:
|z 9783319596006
|
| 776 |
0 |
8 |
|i Printed edition:
|z 9783319866604
|
| 856 |
4 |
0 |
|u https://doi.org/10.1007/978-3-319-59599-3
|z Full Text via HEAL-Link
|
| 912 |
|
|
|a ZDB-2-EDA
|
| 950 |
|
|
|a Education (Springer-41171)
|